UBT Library

Television production handbook / (Record no. 1378)

000 -LEADER
fixed length control field 00518nam a22001697a 4500
008 - FIXED-LENGTH DATA ELEMENTS--GENERAL INFORMATION
fixed length control field 151120b xxu||||| |||| 00| 0 eng d
041 0# - LANGUAGE CODE
Language code of text/sound track or separate title 0534647278 (student ed.)
080 ## - UNIVERSAL DECIMAL CLASSIFICATION NUMBER
Universal Decimal Classification number 654.1
100 1# - Rafti
Rafti Zettl, Herbert.
245 10 - TITLE STATEMENT
Title Television production handbook /
Statement of responsibility, etc Herbert Zettl.
250 ## -
-- 9th ed.
260 ## -
-- Belmont, Calif. :
-- Thomas Wadsworth,
-- c2006.
300 ## -
-- xxviii, 548 f :
-- me il.;
-- 26 cm.
650 #0 -
-- Televizion
650 #0 -
-- Handbooks, manuals, etc.
-- Production and direction
942 ## - ADDED ENTRY ELEMENTS (KOHA)
Source of classification or shelving scheme
Item type Books
Holdings
Withdrawn status Lost status Source of classification or shelving scheme Damaged status Not for loan Collection code Permanent location Current location Shelving location Date acquired Total Checkouts Full call number Barcode Date last seen Koha item type
          Koleksioni i përgjithshem UBT - Lipjan UBT - Lipjan Koleksioni i përgjithshem 11/20/2015   654.1 ZETT 002-008686 11/20/2015 Books
UBT Library © 2015-2024. All rights reserved University Education for Business and Technology